MARC details
| 000 -LEADER |
| fixed length control field |
01858cam a2200409 a 4500 |
| 001 - CONTROL NUMBER |
| control field |
16142650 |
| 003 - CONTROL NUMBER IDENTIFIER |
| control field |
EG-ScBUE |
| 005 - DATE AND TIME OF LATEST TRANSACTION |
| control field |
20220208141947.0 |
| 008 - FIXED-LENGTH DATA ELEMENTS--GENERAL INFORMATION |
| fixed length control field |
100318s2010 nyub f 000 f eng d |
| 020 ## - INTERNATIONAL STANDARD BOOK NUMBER |
| International Standard Book Number |
0525951652 (hbk.) |
| 020 ## - INTERNATIONAL STANDARD BOOK NUMBER |
| International Standard Book Number |
9780525951650 (hbk.) |
| 035 ## - SYSTEM CONTROL NUMBER |
| System control number |
(OCoLC)ocn462899076 |
| 040 ## - CATALOGING SOURCE |
| Original cataloging agency |
DLC |
| Language of cataloging |
eng |
| Description conventions |
rda |
| Transcribing agency |
DLC |
| Modifying agency |
BTCTA |
| -- |
GK8 |
| -- |
YDXCP |
| -- |
KN4 |
| -- |
UPZ |
| -- |
JRS |
| -- |
JAO |
| -- |
C#P |
| -- |
P@N |
| -- |
EINCP |
| -- |
BWX |
| -- |
CDX |
| -- |
VP@ |
| -- |
FN4 |
| -- |
UBY |
| -- |
HBP |
| -- |
DLC |
| -- |
EG-ScBUE |
| 043 ## - GEOGRAPHIC AREA CODE |
| Geographic area code |
e-uk--- |
| -- |
e-ur--- |
| -- |
e------ |
| 082 04 - DEWEY DECIMAL CLASSIFICATION NUMBER |
| Classification number |
823.914 |
| Edition number |
22 |
| Item number |
FOL |
| 100 1# - MAIN ENTRY--PERSONAL NAME |
| Personal name |
Follett, Ken, |
| Relator term |
author. |
| 9 (RLIN) |
24717 |
| 245 10 - TITLE STATEMENT |
| Title |
Fall of giants : |
| Remainder of title |
book one of the century trilogy / |
| Statement of responsibility, etc |
Ken Follett. |
| 264 #1 - PUBLICATION, DISTRIBUTION, ETC. (IMPRINT) |
| Place of publication, distribution, etc |
New York : |
| Name of publisher, distributor, etc |
Dutton, |
| Date of publication, distribution, etc |
2010. |
| 300 ## - PHYSICAL DESCRIPTION |
| Extent |
xiv, 985 pages : |
| Other physical details |
color maps ; |
| Dimensions |
25 cm |
| 336 ## - CONTENT TYPE |
| Source |
rdacontent |
| Content type term |
text |
| Content type code |
txt |
| 337 ## - MEDIA TYPE |
| Source |
rdamedia |
| Media type term |
unmediated |
| Media type code |
n |
| 338 ## - CARRIER TYPE |
| Source |
rdacarrier |
| Carrier type term |
volume |
| Carrier type code |
nc |
| 500 ## - GENERAL NOTE |
| General note |
Col. map on endpapers. |
| 520 ## - SUMMARY, ETC. |
| Summary, etc |
Follows the fates of five interrelated families--American, German, Russian, English, and Welsh--as they move through the dramas of the First World War, the Russian Revolution, and the struggle for women's suffrage. |
| 650 #7 - SUBJECT ADDED ENTRY--TOPICAL TERM |
| Topical term or geographic name as entry element |
Twentieth century |
| Form subdivision |
Fiction. |
| 9 (RLIN) |
24719 |
| Source of heading or term |
BUEsh |
| 650 #7 - SUBJECT ADDED ENTRY--TOPICAL TERM |
| Topical term or geographic name as entry element |
World War, 1914-1918 |
| Form subdivision |
Fiction. |
| 9 (RLIN) |
24720 |
| Source of heading or term |
BUEsh |
| 650 #7 - SUBJECT ADDED ENTRY--TOPICAL TERM |
| Topical term or geographic name as entry element |
Historical fiction. |
| Source of heading or term |
lcsh |
| 9 (RLIN) |
24721 |
| 651 #7 - SUBJECT ADDED ENTRY--GEOGRAPHIC NAME |
| Geographic name |
Great Britain |
| General subdivision |
History |
| Chronological subdivision |
George V, 1910-1936 |
| Form subdivision |
Fiction. |
| 9 (RLIN) |
24724 |
| Source of heading or term |
BUEsh |
| 651 #7 - SUBJECT ADDED ENTRY--GEOGRAPHIC NAME |
| Geographic name |
Great Britain |
| General subdivision |
Social life and customs |
| Chronological subdivision |
1918-1945 |
| Form subdivision |
Fiction. |
| 9 (RLIN) |
24725 |
| Source of heading or term |
BUEsh |
| 651 #7 - SUBJECT ADDED ENTRY--GEOGRAPHIC NAME |
| Geographic name |
Soviet Union |
| General subdivision |
History |
| Chronological subdivision |
Revolution, 1917-1921 |
| Form subdivision |
Fiction. |
| 9 (RLIN) |
24726 |
| Source of heading or term |
BUEsh |
| 651 #7 - SUBJECT ADDED ENTRY--GEOGRAPHIC NAME |
| Geographic name |
United States |
| General subdivision |
History |
| Chronological subdivision |
1913-1921 |
| Form subdivision |
Fiction. |
| 9 (RLIN) |
24727 |
| Source of heading or term |
BUEsh |
| 651 #7 - SUBJECT ADDED ENTRY--GEOGRAPHIC NAME |
| Geographic name |
Germany |
| General subdivision |
History |
| Chronological subdivision |
1918-1933 |
| Form subdivision |
Fiction. |
| 9 (RLIN) |
24728 |
| Source of heading or term |
BUEsh |
| 653 ## - INDEX TERM--UNCONTROLLED |
| Arrived date list |
June2011 |
| BestSellers |
Best Sellers |
| Resource For college |
Humanities: English |
| 655 #0 - INDEX TERM--GENRE/FORM |
| Genre/form data or focus term |
Historical fiction, English. |
| Form subdivision |
Reading book |
| 942 ## - ADDED ENTRY ELEMENTS (KOHA) |
| Source of classification or shelving scheme |
Dewey Decimal Classification |
| Koha item type |
Book - Borrowing |